Aspectos de la muerte en la Antigüedad clásica.

Guardat en:
Dades bibliogràfiques
Autor principal: Hoyo, Javier del (autor)
Format: Desconegut
Publicat: Sevilla, España; Aula Magna; McGraw Hill Interamericana, 2022.
Edició:Primera edición.
Matèries:
Etiquetes: Afegir etiqueta
Sense etiquetes, Sigues el primer a etiquetar aquest registre!

MARC

LEADER 00000 a2200000 4500
003 CL-VaPUC
005 20230427083359.0
008 230419t2022 ||||| |||| 00| 0 eng d
999 |c 440551  |d 440549 
020 |a 9788419187055 
040 |c Pontificia Universidad Católica de Valparaíso 
082 |2 22  |a 393.0938 HOY 2022 
100 |a Hoyo, Javier del  |9 576316  |e autor 
245 |a Aspectos de la muerte en la Antigüedad clásica. 
250 |a Primera edición.  
260 |a Sevilla, España;   |b Aula Magna;   |b McGraw Hill Interamericana,   |c 2022. 
300 |a 279 páginas.  
583 |k GC  |c 20230419 
650 0 |9 265114  |a Muerte  |v Análisis cultural y antropológico   |x Decapitación, suicidios, etc.  |y Antigüedad clásica   |z Grecia y Roma  
650 0 |9 265114  |a Muerte  |v Estudio de casos   |x Mitología clásica   |y Antigüedad clásica   |z Grecia y Roma  
650 0 |9 506533  |a Funerales   |x Ritos y ceremonias   |y Antigüedad clásica   |z Grecia y Roma  
651 0 |9 863091  |a Roma (Antigua)  |x Costumbres mortuorias 
942 |2 ddc  |c BK 
952 |0 0  |1 0  |2 ddc  |4 0  |6 393_093800000000000_HOY_2022  |7 0  |8 A  |9 589687  |a BIBHIS  |b BIBHIS  |c GEN  |d 2023-04-17  |e 36  |g 14783.00  |i 5657185  |o 393.0938 HOY 2022  |p 5657185  |r 2025-01-20  |t 1  |v 14783.00  |w 2023-04-17  |y BK  |k HIS